Taco Hemingway-wszystkie piosenki i skity 2026 - Statystyki

Ogólne statystyki
  • Ten quiz został rozwiązany 6 540 razy
    469 od ostatniego zresetowania
  • Średni wynik to 79 z 191
Statystyki odpowiedzi
Płyta Odpowiedź % Poprawnych
Marmur Marmur
86%
Trójkąt
86%
Mięso
81%
Następna stacja
79%
Trójkąt Warszawski Szlugi I Kalafiory
79%
Marsz, Marsz
77%
Wszystko Jedno
77%
(przerywnik)
75%
900729
73%
Deszcz Na Betonie
73%
Szprycer Nostalgia
73%
ZAKOCHAŁEM SIĘ POD APTEKĄ
72%
6 Zer
71%
Cafe Belga Cafe Belga
70%
Wosk Wosk
70%
Europa
68%
LATARNIE WSZĘDZIE DAWNO ZGASŁY
68%
Tamagotchi
68%
1-800-OŚWIECENIE
65%
FRASCATI
65%
Polskie Tango
65%
TRAMWAJE
65%
W PIĄTKI LEŻĘ W WANNIE
65%
Żyrandol
65%
Białkoholicy
63%
BEZ STRESU
62%
Fiji
62%
OSTATNI?
62%
A mówiłem ci
61%
Awizo
61%
Dele
61%
Krwawa Jesień
61%
Mix Sałat
61%
PLAC TRZECH KRZYŻY
61%
Anja
60%
RATUNKU!
60%
8 Kobiet
59%
Chodź
59%
Gelato
59%
100 kmh
58%
+4822
58%
FOTOMODELKI
58%
TRZYKROPKI
58%
Soma
57%
Witaj W Hotelu Marmur
57%
Cichosza
56%
Tlen
56%
Wiatr
56%
Całe Lata
55%
Makarena Freestyle
55%
Nóż
55%
PUSTOSZEJĄ SALE KINOWE
55%
Tsunami Blond
55%
Pocztówka z WWA CZŁOWIEK Z DZIURĄ ZAMIAST KRTANI
54%
Grubo-Chude Psy
54%
KABRIOLETY
54%
Mgła I (Siwe Włosy)
54%
Świecące Prostokąty
54%
ZTM
54%
Kryptowaluty
53%
WUJEK DOBRA RADA
52%
ODTRUTKA
51%
Umowa o dzieło Od Zera
51%
PIN
51%
EINECEIWŚO-008-1
50%
Europa Luxembourg
50%
Pakiet Platinium
50%
35
49%
515
49%
Soma Intro
49%
Metallica 808
49%
Nametag
49%
Niedziela
48%
SANATORIUM
48%
Świat Jest WFem
48%
2031
47%
Portier!
47%
ALERT RCB
46%
Art-B
46%
Flagey Bakayoko
46%
Czarna Kawa Czeka
46%
Koła
46%
Mgła II (Mówisz, Masz)
46%
Reżyseria: Kubrick
46%
1990s Utopia
45%
BXL
45%
Karimata (Mute)
45%
Pokedex
45%
TIJUANA
45%
Żywot
45%
LECI NOWY FUTURE
44%
Main Stage Freestyle
44%
Outro
44%
WWA VHS
44%
1000 Dni Freestyle
43%
Jarmark Łańcuch I: Kiosk
43%
Motorola
43%
Wszystko Na Niby
43%
Ekodiesel
42%
Saldo 07
42%
Toskania Outro
42%
W.N.P
42%
Adieu
41%
Dwuzłotówki Dancing
41%
Modigliani
41%
Może To Coś Zmieni?
41%
Sectumsempra
41%
Visa
41%
4 AM in Girona
40%
Mleko & miód
40%
Panie, to Wyście!
40%
Wiem
40%
Abonent jest czasowo niedostępny
39%
ANTYSMOGOWA MASKA W MOIM CARRY-ON BAGGAGE
39%
Codziennie
39%
Influenza
39%
I.S.W.T
39%
Italodisco
39%
Ściany Mają Uszy
39%
Szczerze
39%
To By Było Na Tyle
39%
WYTRAWNE (Z NUTĄ DESPERACJI)
39%
Łańcuch II: Korek
38%
Ortalion
38%
Głupi byt
37%
Ślepe Sumy
37%
WWA NIE Berlin
37%
Łańcuch III: Korpo
36%
Big Pharma
35%
Na Paryskie Getto Pada Deszcz
35%
Sztylet
35%
Moje demony uciekły na urlop
34%
Pireneje
34%
Grand Prix
33%
Michael Essien Birthday Party
33%
Nie Ufam Sobie Sam
32%
Leonardo
31%
Nie Mam Czasu
31%
Szczękościsk
31%
C3PO
30%
Giro d'italia
30%
LATARNIE WSZĘDZIE DAWNO ZGASŁY AKT I: „ICI VARSOVIE”
29%
Pieniądz i Terror
28%
TLC
28%
POL Smoke
27%
AKT III: „SŁOWIAŃSKI NIEPOKÓJ”
26%
Benevento
25%
1-800-OŚWIECENIE #1 - WIELKOMIEJSKA BEZSENNOŚĆ
24%
AKT II: „MIASTO IDZIE SPAĆ”
24%
Jak Cień
24%
Luck
23%
AKT IV: „ROZMIAR KLĘSKI”
20%
(Bonus Track) Sznycel
20%
Listening To Arctic Monkeys
18%
Redwinebeer
18%
TU RADIO MARMUR #1
18%
#11 - LUSTERKO WSTECZNE
17%
Young Hems Fuck Your List
17%
TU RADIO MARMUR #2
17%
22
16%
#4 - NESESER
16%
#7 - PRACA DOMOWA
16%
#8 - KĄCIK KONSPIRACYJNY
16%
(Bonus Track) WIELKI GATSBY Z BENZYNOWEJ STACJI
16%
#2 - GRZĘZNĄĆ W CISZY
15%
#3 - TUTTO PASSA
15%
Blueberries
15%
Chewbacca
15%
Off/On
14%
#10 - JESTEM
13%
#5 - GŁOSÓWKI DO REDAKCJI
13%
(Bonus Track) ALGORYTM
13%
(Bonus Track) GBP Freestyle
13%
#6 - DOBRY JAK DOBRY
11%
#9 - SŁYSZY PAN?
10%
Who Killed JFK Nevermore
9%
Twenty Two
9%
Halle Berry
8%
Normal Man / Pop Vulture
8%
Such a Pretty Child
7%
Twists
7%
Bonfire (Remix)
5%
Booze To Glug
5%
Krusty's Children
5%
Larry David Flow
5%
Not Like Hov
5%
Stormtrooper with Horns
5%
Brilliant
4%
Fake Tits/Ghosts
4%
Gods, Mammals, Birds
4%
Odd Mammal
4%
Nie znaleziono quizów pasujących do podanych kryteriów
Rozkład punktacji
Procent ludzi z każdym wynikiem
Percentyl według liczby udzielonych odpowiedzi
Twoja historia wyników
Nie rozwiązałeś tego quizu od ostatniego zresetowania